000 00300nam a22001337a 4500
003 SGT
020 _a978-81-8487-737-3
082 _a676.0286
_bMAJ
100 _aMAJHI, SASADHAR
245 _aGREEN CHEMISTRY AND SUSTAINABILITY
260 _aINDIA
_bNAROSA
_c2022
300 _a274
942 _2ddc
_cBK
999 _c24632
_d24632